000 01366nam a2200265Ia 4500
999 _c39879
_d39879
001 6484
003 GE_BSU
005 20190624154826.0
008 181216s1977|||| |||||||||||||| ||geo||
041 _ageo
080 _a621.18(072) ლ-81
100 _aლომინაძე, შ.
_922
245 _aმაღალი წნევის ორთქლის გენერატორების თბური გაანგარიშების მეთოდიკა : დამხმ. სახელმძღვ. /
_cშ. ლომინაძე ; მ. ყიფშიძე ; ი. ტურაშვილი ; თ. ჯიშკარიანი ; რედ : ე.კირვალიძე.
260 _c1977.
264 _aთბილისი :
_bსპი,
_c1977.
300 _a112 გვ. :
_c26 სმ.
504 _aბიბლიოგრ.:გვ.110
653 _aმაღალი წნევის ორთქლის გენერატორების თბური გაანგარიშება
653 _aტექნიკა
700 _aყიფშიძე, მ
_92318
700 _aტურაშვილი, ი
_92838
700 _aჯიშკარიანი, თ
_91313
700 _aკირვალიძე, ე
_eრედაქტორი
_92839
942 _cBK
_2udc